000 00498nam a22001577a 4500
008 151015b xxu||||| |||| 00| 0 eng d
020 _a0132357895
041 0 _aeng
080 _a658:004
245 0 0 _aDecision support and executive information systems /
_cedited by Paul Gray,William R.King
260 _c1994
_aEnglewood Cliffs, N.J. :
_bPrentice Hall,
300 _ax, 469 f. :
_bme il.;
_c24 cm.
650 0 _aMenaxhimi i sistemeve të informacionit
700 1 _aGray, Paul,
942 _2udc
_cBK
999 _c1297
_d1297